00899nam a22001815i 4500001000700000003000900007005001700016008004100033040001800074100003100092245022500123250004600348260008600394300004900480505009400529651002500623852006900648154468ES-MaACL20230906205737.0970828s1868 sp |||| | spa d aAR bspa cAR1 aGómez Ranera, Alejandro.10aCompendio de Historia de España b: desde su origen hasta el Reinado de Doña Isabel II y año de 1862 / cextractado de las obras más acreditadas de autores nacionales y extranjeros ... por Alejandro Gomez Ranera. a8ª ed. con adiciones por su mismo autor. aMadrid : bAlejandro Gomez Fuentenebro : bHernando [etc.] [distribuidor],c1868. a468, 158 p., [1] h. de map. pleg. ; c22 cm.8 aElementos de Geografía política, estadística y administrativa de España: p. 1-158 4aEspaña-xHistoria. aES-MaACLjD-1715 z-- Enc. hol. q-- Sólo la segunda secuencia